The Doctrines of the Great Western Educators: Fromm Plato to Bertrand Russell (Record no. 806)

MARC details
005 - DATE AND TIME OF LATEST TRANSACTION
control field 20250317140658.0
020 ## - INTERNATIONAL STANDARD BOOK NUMBER
International Standard Book Number 81-7391-504-0
082 ## - DEWEY DECIMAL CLASSIFICATION NUMBER
Classification number 374.111 SHA
100 ## - MAIN ENTRY--PERSONAL NAME
Author name SHARMA, Y. K.
245 ## - TITLE STATEMENT
Title The Doctrines of the Great Western Educators: Fromm Plato to Bertrand Russell
260 ## - PUBLICATION, DISTRIBUTION, ETC.
Place of publication, distribution, etc. New Delhi,
Name of publisher, distributor, etc. Kanishka Publishers,
Date of publication, distribution, etc. 2010.
300 ## - PHYSICAL DESCRIPTION
Extent xvii, 509p.
Other physical details Bibliography, index
Dimensions 22cm.
942 ## - ADDED ENTRY ELEMENTS (KOHA)
Source of classification or shelving scheme Dewey Decimal Classification
Koha item type Books
Holdings
Date last seen Total checkouts Full call number Barcode Cost, replacement price Price effective from Koha item type Lost status Source of classification or shelving scheme Damaged status Not for loan Withdrawn status Home library Current library Shelving location Date acquired Cost, normal purchase price
03/17/2025   374.111 SHA 0000003221 149250.00 03/17/2025 Books   Dewey Decimal Classification       College of Business Education Main Library College of Business Education Main Library General Collection 06/19/2017 49750.00
03/17/2025   374.111 SHA 0000003222 149250.00 03/17/2025 Books   Dewey Decimal Classification       College of Business Education Main Library College of Business Education Main Library General Collection 06/19/2017 49750.00
03/17/2025   374.111 SHA 0000003223 149250.00 03/17/2025 Books   Dewey Decimal Classification       College of Business Education Main Library College of Business Education Main Library General Collection 06/19/2017 49750.00
03/17/2025   374.111 SHA 0000003224 149250.00 03/17/2025 Books   Dewey Decimal Classification       College of Business Education Main Library College of Business Education Main Library General Collection 06/19/2017 49750.00
05/29/2025   374.111 SHA 0000008764 149250.00 05/29/2025 Books   Dewey Decimal Classification       College of Business Education Main Library College of Business Education Main Library Special Reserve Collection 06/19/2017 49750.00